Random Comedy Movie List - Statistics

General Stats
  • This quiz has been taken 12 times
  • The average score is 34 of 67
Answer Stats
Year Genre 2 Actors 2 Characters More Movie % Correct
1996 Comedy Adam SandlerJulie Bowen Happy GilmoreVirginia Venit Original Happy Gilmore
100%
2023 Comedy Margot RobbieRyan Gosling BarbieKen Standalone Barbie
92%
2016 Comedy Ryan ReynoldsMorena Baccarin Wade WilsonVanessa Carlysle Original Deadpool
92%
1986 Comedy Mathew BroderickAlan Ruck Ferris BuellerCameron Frye Standalone Ferris Bueller's Day Off
92%
2010 Comedy Adam SandlerKevin James Lenny FederEric Lamonsoff Original Grown Ups
83%
2025 Comedy Adam Sandler Bad Bunny Happy GilmoreOscar Mejias Sequel Happy Gilmore 2
83%
2012 Comedy Seth MacFarlaneMark Wahlberg TedJohn Bennett Original Ted
83%
2012 Comedy Channing TatumJonah Hill JenkoSchmidt Original 21 Jump Street
75%
2014 Comedy Channing TatumJonah Hill JenkoSchmidt Sequel 22 Jump Street
75%
1995 Comedy Adam SandlerBridgette Wilson Billy MadisonVeronica Vaughn Standalone Billy Madison
75%
1990 Comedy Macaulay CulkinJoe Pesci Kevin McCallisterHarry Lyme Original Home Alone
75%
1992 Comedy Macaulay CulkinJoe Pesci Kevin McCallisterHarry Lyme Sequel Home Alone 2
75%
2004 Comedy Lindsay LohanRachel McAdams Cady HeronRegina George Original Mean Girls
75%
2004 Comedy Jon HederEfren Ramirez Napoleon DynamitePedro Standalone Napoleon Dynamite
75%
2008 Comedy Will FerrellJohn C. Reilly Brennan HuffDale Doback Standalone Step Brothers
75%
2007 Comedy Jonah HillMichael Cera SethEvan Standalone Superbad
75%
2015 Comedy Seth MacFarlaneMark Wahlberg TedJohn Bennett Sequel Ted 2
75%
2009 Comedy Woody HarrelsonJesse Eisenberg TallahasseeColumbus Original Zombieland
75%
2001 Comedy Ben StillerOwen Wilson Derek ZoolanderHansel Original Zoolander
75%
1999 Comedy Adam SandlerCole Sprouse Sonny KoufaxJulian McGrath Standalone Big Daddy
67%
2013 Comedy Adam SandlerKevin James Eric Lamonsoff Sequel Grown Ups 2
67%
2010 Comedy Aaron-Taylor JohnsonChloë Grace Moretz Kick-AssHit-Girl Original Kick-Ass
67%
2000 Comedy Anna FarisMarlon Wayans CindyShorty Original Scary Movie
67%
2009 Comedy Bradley CooperEd Helms PhilStu Original The Hangover
67%
1994 Comedy Jim CarreyCameron Diaz Stanley IpkissTina Carlyle Original The Mask
67%
2011 Comedy Jason BatemanCharlie Day Nick HendricksDale Arbus Original Horrible Bosses
58%
1994 Comedy Bug HallBrittany Ashton Holmes AlfalfaDarla Standalone The Little Rascals
58%
2003 Comedy Adam SandlerJack Nicholson Dave BuznikDr. Buddy Rydell Standalone Anger Management
50%
2006 Comedy Adam SandlerChristopher Walken Michael NewmanMorty Standalone Click
50%
2011 Comedy Steve CarellRyan Gosling CalJacob Standalone Crazy, Stupid, Love
50%
2010 Comedy Zachary GordonRobert Capron Greg HeffleyRowley Jefferson Original Diary of a Wimpy Kid
50%
2012 Comedy Zachary GordonDevon Bostick Greg HeffleyRodrick Heffley Sequel Diary of a Wimpy Kid: Dog Days
50%
2011 Comedy Zachary GordonDevon Bostick Greg HeffleyRodrick Heffley Sequel Diary of a Wimpy Kid: Rodrick Rules
50%
2017 Comedy Jason DruckerCharlie Wright Greg HeffleyRodrick Heffley Sequel Diary of a Wimpy Kid: The Long Haul
50%
2008 Comedy James FrancoSeth Rogen Saul SilverDale Denton Standalone Pineapple Express
50%
1998 Comedy Jackie ChanChris Tucker LeeCarter Original Rush Hour
50%
2012 Comedy Adam SandlerAndy Samberg DonnyTodd Peterson Standalone That's My Boy
50%
1985 Comedy Molly RingwaldAnthony Michael Hall Claire StandishBrian Johnson Standalone The Breakfast Club
50%
2013 Comedy Seth RogenJay Baruchel Seth RogenJay Baruchel Standalone This Is The End
50%
2015 Comedy Ed HelmsChristina Applegate Russell GrisworldDebbie Grisworld Standalone Vacation
50%
2013 Comedy Jennifer Aniston Jason Sudeikis Rose O'ReillyDavid Clark Standalone We're the Millers
50%
2025 Comedy Jack BlackEmma Myers SteveNatalie Standalone A Minecraft Movie
42%
2015 Comedy Mark WahlbergWill Ferrell Dusty MayronBrad Original Daddy's Home
42%
2017 Comedy Mark WahlbergMel Gibson Dusty MayronKurt Mayron Sequel Daddy's Home 2
42%
2016 Comedy Robert De NiroZac Efron Dick KellyJason Kelly Original Dirty Grandpa
42%
2005 Comedy Steve CarellPaul Rudd Andy StitzerDavid Standalone The 40 Year Old Virgin
42%
2017 Comedy Ryan ReynoldsSalma Hayek Michael BryceSonia Kincaid Original The Hitman's Bodyguard
42%
2020 Comedy Pete DavidsonBill Burr Scott CarlinRay Bishop Standalone The King of Staten Island
42%
2016 Comedy James FrancoBryan Cranston Laird MayhewNed Fleming Standalone Why Him?
42%
2009 Comedy Jack BlackMichael Cera Zed Oh Standalone Year One
42%
2009 Comedy Zac EfronMathew Perry Mike O'DonnellScarlet O'Donnell Standalone 17 Again
33%
2021 Comedy Ryan ReynoldsJoe Keery GuyKeys Standalone Free Guy
33%
2023 Comedy Jennifer LawrenceAndrew Barth Feldman Maddie BarkerPercy Becker Standalone No Hard Feelings
33%
2019 Comedy Jesse EisenbergWoody Harrelson TallahasseeColumbus Sequel Zombieland: Double Tap
33%
2018 Comedy Mark WahlbergRose Byrne Pete WagnerEllie Wagner Standalone Instant Family
25%
2004 Comedy Elisha CuthbertEmile Hirsch DanielleMathew Kidman Standalone The Girl Next Door
25%
2021 Comedy Ryan ReynoldsSalma Hayek Michael BryceSonia Kincaid Sequel Hitman's Wife's Bodyguard
17%
2022 Comedy David HarbourAlex Hassell Santa ClausJason Standalone Violent Night
17%
2011 Comedy Jesse EisenbergDanny McBride NickDwayne Standalone 30 Minutes or Less
8%
2022 Comedy Isaiah LehtinenPercy Hynes White Lawrence KwellerMatt Macarchuck Standalone I Like Movies
8%
2024 Comedy Mason ThamesIsabella Ferreira Benj NielsonBailey Standalone Incoming
8%
2022 Comedy Adrian GreensmithJaeden Martell Hunter SylvesterKevin Standalone Metal Lords
8%
2023 Comedy Bill BurrBobby Cannavale Jack KellyConnor Brody Standalone Old Dads
8%
2012 Comedy Oliver CooperThomas Mann CostaThomas Standalone Project X
8%
2016 Comedy Paul RuddCraig Roberts BenTrevor Standalone The Fundamentals of Caring
8%
2012 Comedy Seth RogenBarbra Streisand Andy BrewsterJoyce Brewster Standalone The Guilt Trip
8%
2018 Comedy Eduardo FrancoSadie Calvano Jeremy AbelarSarah Standalone The Package
8%
No matching quizzes found
Score Distribution
Percent of People with Each Score
Percentile by Number Answered
Your Score History
You have not taken this quiz